Quizz DIFFICILE Desperate Housewives - Statistiques

Statistiques générales
  • Ce quiz a été pris 143 fois
  • Le résultat moyen est 7 sur 15
Statistiques - réponses
Question Réponse % Correct
Quel est le nom du pharmacien avec qui Bree entame une relation après la mort de Rex ? George Williams
90%
Quelle était la profession exacte de Victor Lang avant de devenir gouverneur ? Maire de Fairview
80%
Quel objet déclenche l’incendie chez Edie Britt dans la saison 5 ? Une bougie
78%
Quel est le prénom de la fille biologique que Gabrielle a eu via mère porteuse ? Lily
73%
Comment s'appel le chien de Mike Delfino au début de la série ? Bongo
68%
Quel est le nom de la strip-teaseuse qui accuse Orson Hodge d’agression ? Monique Polier
68%
Quelle est la marque et le modèle de la voiture que Mike conduit au début de la série ? Pick-up Ford
48%
Combien de fois Susan se marie-t-elle officiellement dans la série ? 3
43%
Quelle chanson joue lors de la scène finale du tout dernier épisode ? "Wonderful! Wonderful!" de Johnny Mathis
36%
Quel est le nom complet (avec nom de jeune fille) de Bree avant son mariage avec Rex ? Bree Mason Van de Kamp
33%
Quel est le nom du bar que fréquentent régulièrement Carlos et ses amis (saisons tardives) ? Scavo’s Pizzeria
31%
Dans quelle rue précise (numéro inclus) habite Susan au début de la série ? 4353 Wisteria Lane
28%
Quel est le nom du supermarché où a lieu la prise d’otages dans la saison 3 ? Food Fair
23%
Quelle fausse identité utilise Katherine Mayfair lorsqu’elle revient à Wisteria Lane ? Elle change le nom de sa fille
20%
Quelle est la dernière phrase dite par Mary Alice Young dans la série ? Une réflexion sur le fait que tout le monde cache des secrets, même les voisins les plus ordinaires
10%
Aucun quiz correspondant
Distribution des résultats
% des personnes avec chaque résultat
Percentile par nombre de réponses
Votre historique - résultats
Vous n’avez pas pris ce quiz